000 00997nam a2200289Ia 4500
001 Para_8755
003 CHAP
008 220125s2003 xx 000 0 und d
010 _a206640
040 _cCHAP
090 _aPA TESIS 1743
100 _aLuna Borja, José Alfredo
_969022
245 _aEvaluación de la habilidad competitiva hacia la maleza de 32 genotipos de frijol (Phaseolus vulgaris L.) /
_c por José Alfredo Luna Borja
260 _aChapingo, Méx. :
_b el autor
300 _a55 h.
502 _aTesis (Ing. Agr. Esp. en Parasitología Agrícola) -- UACh. Departamento Parasitología Agrícola
650 _aFrijol
_x malas hierbas
_x competencia
_943401
650 _aMalas hierbas
_x competencia
_970009
710 _aUACh. Departamento Parasitología Agrícola
_9164025
901 _aPA TESIS 1743
902 _aA
905 _a0000002003 n 0000000000 00
910 _a2003
942 _cPARA
942 _cPARA
_d1
999 _c206640
_d206640